000 00303nam a22001337a 4500
008 170526b xxu||||| |||| 00| 0 eng d
020 _a0126974101
041 _aeng
080 _a621.3
100 _a25
101 _aIM
245 _aVOLTAGE REGULATOR CIRCUIT MANUAL
_cTRAISTER, R.J
942 _2udc
_cBK
999 _c14392
_d14392